Основы теории упругости и пластичности: учебное пособие

التفاصيل البيبلوغرافية
المؤلف الرئيسي: Самуль В. И. Владислав Иосифович
اللغة:الروسية
منشور في: Москва, Высшая школа, 1982
الطبعة:2-е изд., перераб.
سلاسل:Высшее образование
الموضوعات:
التنسيق: MixedMaterials كتاب
KOHA link:https://koha.lib.tpu.ru/cgi-bin/koha/opac-detail.pl?biblionumber=311696

MARC

LEADER 00000nam0a2200000 4500
001 311696
005 20231102002418.0
035 |a (RuTPU)RU\TPU\book\337061 
090 |a 311696 
100 |a 20151210d1982 m y0rusy50 ca 
101 0 |a rus 
102 |a RU 
105 |a a j 000zy 
200 1 |a Основы теории упругости и пластичности  |e учебное пособие  |f В. И. Самуль 
205 |a 2-е изд., перераб. 
210 |a Москва  |c Высшая школа  |d 1982 
215 |a 264 с.  |c ил. 
225 1 |a Высшее образование 
606 1 |a Упругость, теория  |2 stltpush  |3 (RuTPU)RU\TPU\subj\63144  |9 80188 
610 1 |a деформации 
610 1 |a напряжения 
610 1 |a закон Гаусса 
610 1 |a задачи 
610 1 |a решение 
610 1 |a плоские задачи 
610 1 |a тонкие пластины 
610 1 |a изгиб 
610 1 |a вариационные методы 
610 1 |a тонкие оболочки 
610 1 |a учебные пособия 
675 |a 539.3  |v 4 
700 1 |a Самуль  |b В. И.  |g Владислав Иосифович 
801 1 |a RU  |b 63413507  |c 20151210 
801 2 |a RU  |b 63413507  |c 20191107  |g RCR 
942 |c BK